000 00734cam a22002532 4500
001 32758
003 BD-RjUL
005 20211209051905.0
008 140428t1954 enk b 001 0 eng d
035 _a(BD-RjUL)32848
040 _aDLC
_cEXC
_dEXC
_dOCL
_dEQO
_dBD-RjUL
_beng
041 _aeng
082 0 4 _a297
_bHAI 1954
100 1 _aHarries, Lyndon.
_999606
245 1 0 _aIslam in East Africa /
_cby Lyndon Harries.
260 _aLondon :
_bUniversities' Mission to Central Africa,
_c1954.
300 _a92 p. ;
_c19 cm.
504 _aIncludes bibliographical references and index.
650 0 _aMuslims
_zAfrica, East.
_999607
650 0 _aIslam.
_999608
942 _2ddc
_cBK
999 _c32758
_d32758